Welcome to the Holygrace Academy Library

Please use search bar below to get started

TEARBOOK 2013 (Record no. 6683)

MARC details
000 -LEADER
fixed length control field 00333nam a22001337a 4500
020 ## - INTERNATIONAL STANDARD BOOK NUMBER
ISBN 770542577803
082 ## - DEWEY DECIMAL CLASSIFICATION NUMBER
Classification number 001
Item number MAN/M
100 ## - MAIN ENTRY--AUTHOR NAME
Personal name MANORAMA
245 ## - TITLE STATEMENT
Title TEARBOOK 2013
Remainder of title PEOPLE PLACES IDEAS AND EVENTS
260 ## - PUBLICATION, DISTRIBUTION, ETC. (IMPRINT)
Place of publication KOTTAYAM
Name of publisher MALAYALA MANORAMA PRESS
Year of publication 2013
300 ## - PHYSICAL DESCRIPTION
Number of Pages 1038
650 ## - SUBJECT ADDED ENTRY--TOPICAL TERM
Topical Term GENERAL KNOWLEDGE
Geographic subdivision INDIA
942 ## - ADDED ENTRY ELEMENTS (KOHA)
Koha item type Books
Holdings
Withdrawn status Lost status Collection code Home library Current library Shelving location Date acquired Source of acquisition Cost, normal purchase price Full call number Accession Number Koha item type
    G.K Main Library Main Library SHELF-17F-YEAR BOOK 22/04/2013 purchase 200.00 001 MAN/M 07333 Books